Datum a čas kvízu
34.5
Celkem bodů
Celkový počet nahraných bodů na tomto kvízu bez doplňovacích otázek.
2.
Pořadí na kvízu
Konečné umístění týmu na tomto kvízu.
Zaznamenané odpovědi
| # | Otázka | Odpověď | Body | Výsledky |
|---|---|---|---|---|
| 1. | Napište čtyři slova, jimiž něk... | Společnost pro podporu Ukrajiny | 1 | |
| 2. | Která velká evropská země schv... | Francie | 1 | |
| 3. | TV Prima minulý týden představ... | Asia Express | 1 | |
| 4. | Minulý týden se v českých médi... | mobilní telefony | 0 | |
| 5. | Brankář Anatolij Trubin v posl... | Benfica Lisabon | 1 | |
| 6. | Na obrázku níže můžete vidět d... | Drákula a Frankenstein | 0.5 | |
| 7. | Co by to bylo za hororové téma... | C | 0 | |
| 8. | Ze které (převážně videoherní)... | Silent Hill | 1 | |
| 9. | Přiřaďte herce a herečky k jej... | 1B 2C 3D 4A | 1 | |
| 10. | Čím je inspirován česko-americ... | D | 1 |